[Event "Aragon-chT Preferente Gr II"]
[Site "Aragon"]
[Date "2023.02.18"]
[Round "4.56"]
[White "Bello Cera, Raul"]
[Black "Carruez Berges, Santiago"]
[Result "1/2-1/2"]
[WhiteElo "1657"]
[BlackElo "1930"]
[PlyCount "77"]
[EventDate "2023.01.28"]
[EventType "team-tourn"]
[EventRounds "9"]
[EventCountry "ESP"]
[SourceTitle "EXT 2024"]
[Source "ChessBase"]
[SourceDate "2023.10.10"]
[SourceVersion "1"]
[SourceVersionDate "2023.10.10"]
[SourceQuality "1"]
[WhiteTeam "Casablanca MyInvestor III"]
[BlackTeam "Agrupacion"]
[WhiteTeamCountry "ESP"]
[BlackTeamCountry "ESP"]

1. e4 e6 2. d4 d5 3. Nd2 Nc6 4. Ngf3 Nf6 5. e5 Nd7 6. Bd3 Nb4 7. Nb3 Nxd3+ 8. Qxd3 Be7 9. 0-0 0-0 10. Bf4 b6 11. Rac1 c5 12. c4 Ba6 13. Nfd2 Rc8 14. Qg3 f5 15. exf6 Nxf6 16. Qe3 Rc6 17. Bg3 dxc4 18. Nxc4 Nd5 19. Qd2 cxd4 20. Qxd4 Bxc4 21. Rxc4 Bf6 22. Rxc6 Bxd4 23. Nxd4 Re8 24. Nxe6 Qf6 25. Re1 Qxb2 26. Rd6 Qxa2 27. f3 Qa5 28. Rd1 Nf6 29. f4 h6 30. Bh4 Qf5 31. Nxg7 Kxg7 32. Bxf6+ Qxf6 33. Rxf6 Kxf6 34. Rd6+ Re6 35. Rxe6+ Kxe6 36. Kf2 a5 37. Ke3 a4 38. Kd2 Kf5 39. g3 1/2-1/2

[Event "Aragon-chT Honor Gr II"]
[Site "Aragon"]
[Date "2022.03.05"]
[Round "6.6"]
[White "Carruez Berges, Santiago"]
[Black "Romero Pallares, Daniel"]
[Result "0-1"]
[WhiteElo "1971"]
[BlackElo "2270"]
[PlyCount "84"]
[EventDate "2022.01.29"]
[EventType "team-tourn"]
[EventRounds "7"]
[EventCountry "ESP"]
[SourceTitle "EXT 2024"]
[Source "ChessBase"]
[SourceDate "2023.10.10"]
[SourceVersion "1"]
[SourceVersionDate "2023.10.10"]
[SourceQuality "1"]
[WhiteTeam "Agrupacion"]
[BlackTeam "Palacio de Pioneros"]
[WhiteTeamCountry "ESP"]
[BlackTeamCountry "ESP"]

1. e4 c5 2. d4 cxd4 3. c3 d5 4. exd5 Qxd5 5. cxd4 Nf6 6. Nc3 Qd8 7. Nf3 e6 8. Bc4 Be7 9. 0-0 0-0 10. Ne5 a6 11. Bd3 Nbd7 12. Qf3 Nb6 13. Rd1 Nbd5 14. Bg5 Nxc3 15. bxc3 Nd5 16. Qh5 f5 17. Bd2 Bd7 18. c4 Nf6 19. Qe2 Bd6 20. Rab1 Rb8 21. Bb4 Bxb4 22. Rxb4 Be8 23. Qe3 b5 24. Rdb1 Rc8 25. Nf3 Bf7 26. d5 bxc4 27. dxe6 Qxd3 28. exf7+ Rxf7 29. Qe6 Qd7 30. Qxa6 c3 31. Rd4 c2 32. Rc1 Qb7 33. Qe6 Re8 34. Qc4 Rc8 35. Qe6 Kh8 36. Qxf5 Rfc7 37. Qd3 Qb2 38. Qd2 Rb7 39. Rd8+ Rxd8 40. Qxd8+ Ng8 41. Qd2 Qxc1+ 42. Qxc1 Rb1 0-1

[Event "Aragon-chT Preferente Gr I"]
[Site "Aragon"]
[Date "2022.01.29"]
[Round "1.33"]
[White "Carruez Berges, Santiago"]
[Black "Brosa Soto, Jesus"]
[Result "1-0"]
[WhiteElo "1971"]
[BlackElo "1966"]
[PlyCount "147"]
[EventDate "2022.01.29"]
[EventType "team-tourn"]
[EventRounds "9"]
[EventCountry "ESP"]
[SourceTitle "EXT 2024"]
[Source "ChessBase"]
[SourceDate "2023.10.10"]
[SourceVersion "1"]
[SourceVersionDate "2023.10.10"]
[SourceQuality "1"]
[WhiteTeam "Agrupacion II"]
[BlackTeam "Las Fuentes"]
[WhiteTeamCountry "ESP"]
[BlackTeamCountry "ESP"]

1. e4 d6 2. d4 g6 3. Nf3 Bg7 4. Nc3 Nc6 5. d5 Nb8 6. Be3 Nf6 7. Be2 Nbd7 8. Nd4 Nc5 9. f3 e5 10. Nb3 Nxb3 11. axb3 a6 12. Qd2 0-0 13. Bg5 h6 14. Bh4 Kh7 15. g4 Qe8 16. Nb5 Qd7 17. Na3 b6 18. Nc4 Bb7 19. b4 Ng8 20. Bf2 Qe8 21. h4 Ne7 22. h5 g5 23. 0-0 Nc8 24. Rfd1 Bf6 25. Ne3 Bd8 26. Ra3 c5 27. dxc6 Qxc6 28. Rda1 b5 29. Nd5 Qd7 30. Rc3 Kg7 31. Kg2 Rb8 32. Ne3 Re8 33. Rd3 Re6 34. Nd5 Bxd5 35. Rxd5 Qb7 36. b3 Bb6 37. Be1 Na7 38. Rxd6 Rxd6 39. Qxd6 f6 40. Bf2 Nc8 41. Qd5 Qc7 42. Bxb6 Rxb6 43. Bd3 Rd6 44. Qc5 Rc6 45. Qe3 Nd6 46. Kf2 Qc8 47. Ke2 Qc7 48. Kd2 Qb6 49. Qxb6 Rxb6 50. Kc3 Kf8 51. Kb2 Ke7 52. Rc1 Kd7 53. Ka3 Rc6 54. c4 Kc7 55. Kb2 Kb7 56. Kc3 Rc7 57. Be2 Nf7 58. Rd1 Kb6 59. Rd5 Rc6 60. Rd7 Rc7 61. Rd5 Rc6 62. Kb2 Kc7 63. cxb5 axb5 64. Bxb5 Rd6 65. Rc5+ Kd8 66. Bc4 Rd7 67. Be6 Ra7 68. Bxf7 Rxf7 69. Rc6 Rf8 70. Ra6 Kc7 71. Ka3 Kb7 72. Re6 Ra8+ 73. Kb2 Rf8 74. b5 1-0

[Event "Aragon-chT Preferente Gr-I"]
[Site "Aragon"]
[Date "2019.03.16"]
[Round "8.34"]
[White "Carruez Berges, Santiago"]
[Black "Pache Marconell, Juan Manuel"]
[Result "1-0"]
[WhiteElo "2024"]
[BlackElo "1870"]
[PlyCount "55"]
[EventDate "2019.01.26"]
[EventType "team-tourn"]
[EventRounds "9"]
[EventCountry "ESP"]
[SourceTitle "EXT 2020"]
[Source "ChessBase"]
[SourceDate "2019.10.17"]
[SourceVersion "1"]
[SourceVersionDate "2019.10.17"]
[SourceQuality "1"]
[WhiteTeam "Agrupacion II"]
[BlackTeam "Teruel II"]
[WhiteTeamCountry "ESP"]
[BlackTeamCountry "ESP"]

1. e4 d6 2. d4 Nf6 3. Nc3 g6 4. Nf3 Bg7 5. Be2 c6 6. 0-0 0-0 7. Re1 Qc7 8. Bg5 Nh5 9. Be3 e5 10. Qd2 Re8 11. Rad1 Nd7 12. dxe5 dxe5 13. Ng5 Nf4 14. Bc4 Re7 15. g3 Nh5 16. a4 h6 17. Nf3 Nb6 18. Be2 Kh7 19. a5 Nd7 20. Nh4 Ndf6 21. Qd8 Qxd8 22. Rxd8 Rd7 23. Rd1 Rxd1+ 24. Bxd1 Bh8 25. Be2 Bg7 26. Bc4 b5 27. Bxf7 b4 28. Bxg6# 1-0

[Event "Aragon-chT Preferente Gr-I"]
[Site "Aragon"]
[Date "2019.02.09"]
[Round "3.43"]
[White "Rodes Apilluelo, Jose Maria"]
[Black "Carruez Berges, Santiago"]
[Result "1/2-1/2"]
[WhiteElo "1909"]
[BlackElo "2024"]
[PlyCount "65"]
[EventDate "2019.01.26"]
[EventType "team-tourn"]
[EventRounds "9"]
[EventCountry "ESP"]
[SourceTitle "EXT 2020"]
[Source "ChessBase"]
[SourceDate "2019.10.17"]
[SourceVersion "1"]
[SourceVersionDate "2019.10.17"]
[SourceQuality "1"]
[WhiteTeam "St Casablanca III"]
[BlackTeam "Agrupacion II"]
[WhiteTeamCountry "ESP"]
[BlackTeamCountry "ESP"]

1. e4 e6 2. d3 d5 3. Nd2 Nc6 4. Ngf3 Nf6 5. g3 dxe4 6. dxe4 e5 7. Bg2 h6 8. h3 Be6 9. c3 Qd7 10. Qc2 a5 11. a4 Bc5 12. Nf1 Bc4 13. Be3 Bd3 14. Qb3 Bxf1 15. Bxf1 Bxe3 16. fxe3 Nxe4 17. Rd1 Qf5 18. Qxb7 0-0 19. Bg2 Nxg3 20. Qxc6 Nxh1 21. Bxh1 Qxh3 22. Kf2 Rab8 23. Bg2 Rxb2+ 24. Rd2 Rxd2+ 25. Nxd2 Qh4+ 26. Ke2 Rd8 27. Nc4 Qg4+ 28. Bf3 Qg1 29. Qxc7 Qd1+ 30. Kf2 Qc2+ 31. Kg3 Qg6+ 32. Kf2 Qc2+ 33. Kg3 1/2-1/2

[Event "Aragon-chT Honor GrA"]
[Site "Aragon"]
[Date "2017.03.04"]
[Round "6.8"]
[White "Carruez Berges, Santiago"]
[Black "Fontana Sotomayour, Luis Javier"]
[Result "1-0"]
[WhiteElo "2030"]
[BlackElo "2251"]
[PlyCount "79"]
[EventDate "2017.01.28"]
[EventType "team-tourn"]
[EventRounds "7"]
[EventCountry "ESP"]
[SourceTitle "EXT 2018"]
[Source "ChessBase"]
[SourceDate "2017.10.13"]
[SourceVersion "1"]
[SourceVersionDate "2017.10.13"]
[SourceQuality "1"]
[WhiteTeam "Agrupacion"]
[BlackTeam "Jaime Casas"]
[WhiteTeamCountry "ESP"]
[BlackTeamCountry "ESP"]

1. e4 Nf6 2. e5 Nd5 3. d4 d6 4. Nf3 Bg4 5. h3 Bxf3 6. Qxf3 dxe5 7. dxe5 e6 8. Bd3 Nd7 9. Qg3 Nb4 10. 0-0 Nxd3 11. Qxd3 c6 12. Bf4 Nc5 13. Qe2 Qd4 14. Bc1 Qe4 15. Re1 Qxe2 16. Rxe2 0-0-0 17. Nc3 Be7 18. Be3 Nd7 19. f4 Nb6 20. b3 f5 21. a4 Kb8 22. Kf2 Nd5 23. Nxd5 Rxd5 24. Rd2 Rxd2+ 25. Bxd2 Rd8 26. Be3 Bb4 27. Ke2 Bc3 28. Rg1 g5 29. g4 gxf4 30. Bxf4 Rd5 31. gxf5 Rd7 32. fxe6 Re7 33. Kd3 Bb4 34. Ke4 Rxe6 35. Kf5 Re8 36. e6+ Kc8 37. Rg7 Be7 38. Rxh7 Rf8+ 39. Rf7 Re8 40. Be5 1-0

[Event "Aragon-chT Honor GrA"]
[Site "Aragon"]
[Date "2015.02.14"]
[Round "4.16"]
[White "Carruez Berges, Santiago"]
[Black "Campo Millan, Diego"]
[Result "0-1"]
[WhiteElo "2084"]
[BlackElo "2057"]
[PlyCount "110"]
[EventDate "2015.01.24"]
[EventType "team-tourn"]
[EventRounds "7"]
[EventCountry "ESP"]
[SourceTitle "EXT 2017"]
[Source "ChessBase"]
[SourceDate "2016.10.25"]
[SourceVersion "1"]
[SourceVersionDate "2016.10.25"]
[SourceQuality "1"]
[WhiteTeam "Agrupacion"]
[BlackTeam "Delicias"]
[WhiteTeamCountry "ESP"]
[BlackTeamCountry "ESP"]

1. d4 Nf6 2. c3 g6 3. Bf4 Bg7 4. h3 d6 5. Nf3 0-0 6. e3 Nc6 7. Be2 Qe8 8. 0-0 e5 9. Bh2 Qe7 10. Na3 a6 11. Nc4 Ne8 12. a4 e4 13. Ne1 f5 14. Qb3 Kh8 15. Nc2 g5 16. f3 exf3 17. Bxf3 Nf6 18. Nd2 g4 19. hxg4 fxg4 20. Be2 Bh6 21. Bf4 Bxf4 22. Rxf4 Be6 23. c4 Nh5 24. Rxf8+ Rxf8 25. Rf1 Ng3 26. Rxf8+ Qxf8 27. Bf1 Bc8 28. Qc3 Bf5 29. Bd3 Qh6 30. Nf1 Nxf1 31. Bxf5 Ng3 32. Qd3 Qh1+ 33. Kf2 Qh4 34. Kg1 Ne7 35. e4 Ngxf5 36. exf5 g3 37. Ne1 Qf4 38. Kh1 Nxf5 39. d5 Qf2 40. Nf3 h5 41. Qc3+ Kg8 42. Qf6 Ng7 43. Qd8+ Kh7 44. Qh4 Qf1+ 45. Ng1 Qe1 46. Qf4 b6 47. Qg5 a5 48. Qf4 Kg6 49. Qf3 Nf5 50. Qf4 Qe3 51. Qf1 Qf2 52. Qb1 Kf6 53. Nh3 Ne3 54. Qe4 Qe1+ 55. Ng1 Ng4 0-1

[Event "Zaragoza Primavera op 2nd"]
[Site "Zaragoza"]
[Date "2014.06.01"]
[Round "5"]
[White "Iglesias Fernandez, Luis"]
[Black "Carruez Berges, Santiago"]
[Result "0-1"]
[WhiteElo "1850"]
[BlackElo "2143"]
[PlyCount "86"]
[EventDate "2014.04.27"]
[EventType "swiss"]
[EventRounds "9"]
[EventCountry "ESP"]
[SourceTitle "CBM 160 Extra"]
[Source "ChessBase"]
[SourceDate "2014.07.01"]
[SourceVersion "1"]
[SourceVersionDate "2014.07.01"]
[SourceQuality "1"]

1. d4 g6 2. e4 Bg7 3. Nc3 d6 4. Nf3 c6 5. e5 dxe5 6. Nxe5 Nf6 7. Bg5 Be6 8. Qd2 Nbd7 9. Bh6 0-0 10. Bxg7 Kxg7 11. h4 Nxe5 12. dxe5 Qxd2+ 13. Kxd2 Ng4 14. f4 Rad8+ 15. Bd3 Nf2 16. Rhf1 Nxd3 17. cxd3 Bf5 18. Rf3 Rd7 19. Ne2 Rfd8 20. Nc1 Rd4 21. a4 Rb4 22. b3 a5 23. g3 Rbd4 24. Ra2 Kf8 25. Rc2 Ke8 26. Rc5 b6 27. Rc4 c5 28. Rxd4 Rxd4 29. Kc3 Be6 30. Re3 Bd5 31. Re1 Rb4 32. Rd1 Kd7 33. Rd2 Ke6 34. d4 c4 35. Rb2 cxb3 36. Nxb3 Rxa4 37. g4 Ra3 38. Kc2 Rxb3 39. Rxb3 Bxb3+ 40. Kxb3 b5 41. Kc3 Kd5 42. f5 e6 43. fxe6 fxe6 0-1

[Event "Aragon-chT Honor Descenso"]
[Site "Aragon"]
[Date "2014.03.29"]
[Round "10.27"]
[White "Sanchez Castro, Roberto"]
[Black "Carruez Berges, Santiago"]
[Result "0-1"]
[WhiteElo "2012"]
[BlackElo "2144"]
[PlyCount "84"]
[EventDate "2014.01.25"]
[EventType "team-tourn"]
[EventRounds "11"]
[EventCountry "ESP"]
[SourceTitle "EXT 2015"]
[Source "ChessBase"]
[SourceDate "2014.11.20"]
[SourceVersion "1"]
[SourceVersionDate "2014.11.20"]
[SourceQuality "1"]
[WhiteTeam "IberCaja"]
[BlackTeam "Agrupacion"]
[WhiteTeamCountry "ESP"]
[BlackTeamCountry "ESP"]

1. Nf3 g6 2. g3 Bg7 3. Bg2 e5 4. e4 Nc6 5. d3 Nge7 6. 0-0 0-0 7. Nbd2 d6 8. c3 h6 9. Re1 Be6 10. Kh1 Qd7 11. Ng1 f5 12. f3 Rad8 13. Qe2 d5 14. Nb3 b6 15. Be3 a5 16. Rad1 a4 17. Nc1 d4 18. Bd2 a3 19. b3 dxc3 20. Bxc3 Nd4 21. Qd2 f4 22. g4 Nec6 23. Nce2 Nb5 24. h3 Rf7 25. Bf1 Bf8 26. Kg2 Bc5 27. Qc1 Qe7 28. d4 exd4 29. Bd2 d3 30. Nxf4 Qh4 31. Nxd3 Bxg1 32. Kxg1 Qg3+ 33. Bg2 Rxd3 34. Bf4 Rxd1 35. Rxd1 Qxf4 36. Qxc6 Qe5 37. Qe8+ Kg7 38. Rd8 Qc5+ 39. Kh2 Rf8 40. Qxf8+ Qxf8 41. Rxf8 Kxf8 42. f4 Bxb3 0-1